O modlitbe

Bibliographic Details
Main Author: Singh, Sundar, 1889-1929 (Author)
Other Authors: Barica, Alexander, 1911-2003 (Translator)
Format: Book
Language:Slovak
German
PhysicalDescription:16 s. 15 cm
Published: Lučenec Modlitebný krúžok ev. farárov 1946
Subjects:

MARC

LEADER 00000cam a2200000 a 4500
001 vtls008396459
003 SK-MaSNL
005 20260301043326.0
008 250312s1946 xo 000 0 slo
015 |a SNBA19451955-010784 
035 |a SK01SNKBKSFS20010088676 
035 |a urn:nbn:sk:snk-am3hnbv 
035 |a 4723374B-64D3-4AAE-BCB4-ED07442232FE 
035 |a urn:nbn:sk:snk-am00cwdu 
035 |a SKM000091139 
040 |a SNK  |b slo  |c SNK  |e AACR2 
041 1 |a slo  |h ger 
044 |a xo  |c SK 
072 7 |a 27  |x Kresťanstvo. Kresťanská cirkev všeobecne. Ekleziológia  |2 konspekt 
080 |a 27-29  |2 2011 
080 |a (0:82-4)  |2 2011 
080 |a 242  |2 1981 
100 1 |a Singh, Sundar,  |d 1889-1929  |4 aut  |9 347951 
245 1 0 |a O modlitbe  |c Sadhu Sundar Singh ; Preložil Alexander Barica 
260 |a Lučenec  |b Modlitebný krúžok ev. farárov  |c 1946  |e Lučenec  |f Juhoslovenská kníhtlačiareň 
300 |a 16 s.  |c 15 cm 
500 |a Ob. tit. 
650 0 7 |a náboženská literatúra  |2 SNKPH  |9 1487 
650 0 7 |a Religious literature  |2 SNKPHeng  |9 265585 
655 7 |a úvahy  |2 SNKPH  |9 29403 
655 7 |a Essays  |2 SNKPHeng  |9 267540 
700 1 |a Barica, Alexander,  |d 1911-2003  |4 trl  |9 15838 
852 |a Slovenská národná knižnica 
958 |a OND 
958 |a NT 
958 |a UP 
999 |c 593313  |d 595243 
952 |a SNK  |b SNK  |y VYP  |7 0  |p 17A1188383  |o snkSE 719/7 D1  |i snkK 841/77  |8 3  |0 0  |1 0  |4 0  |d 2017-09-12  |l 0  |r 2026-02-23 15:30:54  |w 2026-02-23 
952 |a SNK  |b SNK  |y PREZ  |7 0  |p 17A0732332  |o snkSE 719/7  |i snk304/47  |0 0  |1 0  |4 0  |d 2017-07-28  |f 1  |l 0  |r 2026-02-23 15:30:54  |w 2026-02-23